Monarchs of Great Britain - Statistics

General Stats
  • This quiz has been taken 120 times
  • The average score is 13 of 15
Answer Stats
Hint Answer % Correct
1952 - present Elizabeth II
96%
Heir apparent George
96%
Heir apparent Charles
94%
1837 - 1901 Victoria
94%
Heir apparent William
93%
1910 - 1936 George V
87%
1936 - 1952 George VI
85%
1714 - 1727 George I
83%
1727 - 1760 George II
83%
1760 - 1820 George III
83%
1820 - 1830 George IV
81%
1901 - 1910 Edward VII
80%
1936 - 1936 Edward VIII
78%
1707 - 1714 Anne
62%
1830 - 1837 William IV
60%
No matching quizzes found
Score Distribution
Percent of People with Each Score
Percentile by Number Answered
Your Score History
You have not taken this quiz